01022cam a22002411 4500001001300000003000400013005001700017008004100034010001700075035002000092040004200112042001200154043001200166050002200178110009100200245015400291260005400445300001800499490005400517500009800571650003800669740007300707e 25000206 DLC20260227111216.0840607s1925 wiu s000 0 eng c ae 25000206  a(OCoLC)10817177 aU.S. Off. of educ. LibrarycDNIEdDLC apremarc an-us-wi00aLB1736b.W6 no. 11 aWisconsin.bState Board of Vocational and Adult Education.bTeacher Training Division.00aProgram for the training of part-time school teachers in Wisconsin ...bTeachers training division.cA.R. Graham. Jennie McMullin Turner, assistant. aMadison, Wis.b[Democrat printing company]c1925. a54 p.c23 cm.0 aTeacher training bulletin. General seriesvno. 1 aAt head of title: Wisconsin state board of vocational education. Geo. P. Hambrecht, director. 0aTeachersxTraining ofzWisconsin.0 aPart-time school teachers in Wisconsin, Program for the training of.